000 00776nam a2200217Ia 4500
001 11277
003 GE_BSU
008 181216s||||||||xx |||||||||||||| ||und||
040 _cGE_BSU
080 _a54(075.4)
100 _aკოკოჩაშვილი ვიქტორ, კოკოჩაშვილი თინათინ
245 _aქიმია
245 _bსახელმძღ. უმაღლეს სასწავლებელში შემსვლელთათვის
245 _cრედ: შ. მიქაძე
260 _aთბილისი
260 _bთბილისის უნ–ტის გამ–ბა.
260 _c1982
300 _a584გვ.22სმ.
653 _aქიმია
942 _cBK
999 _c44479
_d44479